| 000 | 00810cam a2200253 a 4500 | ||
|---|---|---|---|
| 001 | 13507750 | ||
| 005 | 20210625103114.0 | ||
| 008 | 040302r20042003nyu b 000 0 eng | ||
| 010 | _a 2004040646 | ||
| 020 | _a1592400876 (acidfree paper) | ||
| 040 |
_aDLC _cDLC _dDLC |
||
| 100 | 1 | _aTruss, Lynne. | |
| 245 | 1 | 0 |
_aEats, shoots & leaves : _bthe zero tolerance approach to punctuation / _cLynne Truss. |
| 246 | 3 | _aEats, shoots, and leaves | |
| 260 |
_aNew York : _bGotham Books, _cc2004. |
||
| 300 |
_axxvii, 209 p. ; _c20 cm. |
||
| 336 | _atext | ||
| 337 | _aunmediated | ||
| 338 | _avolume | ||
| 500 | _aOriginally published in Great Britain in 2003 by Profile Books. | ||
| 504 | _aIncludes bibliographical references (p. 205-209). | ||
| 650 | 0 |
_aEnglish language _xPunctuation. |
|
| 942 |
_2lcc _cBK |
||
| 999 |
_c49875 _d49875 |
||